OPERATIONS RESEARCH AN INTRODUCTION (Record no. 20023)

MARC details
000 -LEADER
fixed length control field 00238nam a22001097a 4500
003 - CONTROL NUMBER IDENTIFIER
control field SGT
100 ## - MAIN ENTRY--PERSONAL NAME
Personal name TAHA, HAMDY A
245 ## - TITLE STATEMENT
Title OPERATIONS RESEARCH AN INTRODUCTION
250 ## - EDITION STATEMENT
Edition statement 8TH E.D
260 ## - PUBLICATION, DISTRIBUTION, ETC. (IMPRINT)
Place of publication, distribution, etc NEW DELHI
Name of publisher, distributor, etc PEARSON
942 ## - ADDED ENTRY ELEMENTS (KOHA)
Source of classification or shelving scheme Dewey Decimal Classification
Koha item type CDs & DVDs
Holdings
Withdrawn status Lost status Source of classification or shelving scheme Damaged status Not for loan Collection code Home library Current library Shelving location Date acquired SGTU Total Checkouts Accession No. (Barcode) Date last seen Bill Date Koha item type
    Dewey Decimal Classification     ENGINEERING SGT Engineering Library SGT Engineering Library On Display 15/05/2020 SGTU   FECD291 15/05/2020 15/05/2020 CDs & DVDs
    Dewey Decimal Classification     ENGINEERING SGT Engineering Library SGT Engineering Library On Display 15/05/2020 SGTU   FECD292 15/05/2020 15/05/2020 CDs & DVDs
    Dewey Decimal Classification     ENGINEERING SGT Engineering Library SGT Engineering Library On Display 15/05/2020 SGTU   FECD293 15/05/2020 15/05/2020 CDs & DVDs
    Dewey Decimal Classification     ENGINEERING SGT Engineering Library SGT Engineering Library On Display 15/05/2020 SGTU   FECD294 15/05/2020 15/05/2020 CDs & DVDs
    Dewey Decimal Classification     ENGINEERING SGT Engineering Library SGT Engineering Library On Display 15/05/2020 SGTU   FECD295 15/05/2020 15/05/2020 CDs & DVDs